Statistiques concernant Mario Kart 8 Deluxe: Les éléments de personnalisation.

Cliquez ici pour prendre le quiz!

Statistiques générales

  • Ce quiz a été pris 30 fois
  • Le résultat moyen est 17 sur 77

Statistiques - réponses

HintRéponse% Correct
Quad Wiggler
71%
Quad Nounours
59%
Roller
59%
Or
53%
Or
53%
Roller Azur
53%
Yoshimoto
53%
Ombrelle Peach
47%
Paracoccinelly
47%
Blue Falcon
41%
Coussin
41%
Éponge
41%
Lisse
41%
Moto Standard
41%
Aile en papier
35%
Paravoile
35%
Aile Wario
29%
Bois
29%
Bouton
29%
Chabriolet
29%
Classique
29%
Cyber-lisse
29%
Feuille
29%
Kart Rétro
29%
Kart Standart
29%
Parachute
29%
Parapente
29%
Scootinette
29%
Hors-piste
24%
Métal
24%
Parapente MKTV
24%
Quad Standart
24%
Roue Standard
24%
Sneakart
24%
Sport GP
24%
Aile Nuages
18%
Destrier de légende
18%
Intrépide
18%
Magikart
18%
Mastodonte
18%
Météore
18%
Missile Tornade
18%
Proto 8
18%
DeltaplanesAile Fleurie
12%
Aile Standard
12%
Beat-bolide
12%
Caravéloce
12%
Cavalkart
12%
Classique Rouge
12%
Dendinaile
12%
Épervier
12%
GLA
12%
GLA
12%
Kartoon
12%
Koopa-mobile
12%
Malecycle
12%
Masto-flammes
12%
Mécabécane
12%
Nautomobile
12%
Planeur
12%
Propulsar
12%
Roue or
12%
Scooter AC
12%
Standard Bleu
12%
Tubul R-3
12%
Aile Hylienne
6%
Autorhino
6%
Bowser Volant
6%
Buggy Tanuki
6%
Flamboyante
6%
Hors-piste rétro
6%
Mach-célère
6%
Triforce
6%
Châssis300 SL Roadster
0%
RoueArchéonique
0%
Cybertrombe
0%
W25 Flèche d'argent
0%

Distribution des résultats

Percentile par nombre de réponses

% des personnes avec chaque résultat

Votre développement - résultats

Vous n’avez pas pris ce quiz